| 000 | 01406nab a22002417a 4500 | ||
|---|---|---|---|
| 999 |
_c6236 _d6236 |
||
| 003 | OSt | ||
| 005 | 20260126044914.0 | ||
| 008 | 190514b xxu||||| |||| 00| 0 spa d | ||
| 040 | _cPJ | ||
| 100 |
_94778 _aImas, Verónica |
||
| 245 | 1 | 0 |
_aProgenitores y abuelos : _ccomparando y asumiendo responsabilidades / _bVerónica Imas. |
| 300 | _ap. 193-203 | ||
| 500 | _aCita: TR LALEY AR/DOC/2671/2024. | ||
| 505 | _aSumario: I. Introducción.— II. Hechos.— III. Necesidades de las hijas. Mantener el nivel de vida.— IV. Capacidad económica del alimentante. Ingresos de los progenitores.— V. Obligación alimentaria por parte de los abuelos. Subsidiariedad. Requisitos de admisibilidad. Grupos vulnerables.— VI. Ingresos de los abuelos.— VII. Valor económico de las tareas de cuidado personal.— VIII. Perspectiva de género. Perspectiva de niñez.— IX. Conclusiones. | ||
| 505 | _tFallo comentado: ST Entre Ríos, sala II civil y com. ~ 06/06/2024 ~ B. V. L. c. R. G. J., R. J. P. Y S. S. E. s/ alimentos. | ||
| 650 | 0 |
_9967 _aDERECHO DE FAMILIA |
|
| 650 | 0 |
_91015 _aRESPONSABILIDAD PARENTAL |
|
| 650 | 0 |
_9968 _aALIMENTOS |
|
| 650 | 0 |
_93829 _aABUELOS |
|
| 650 | 0 |
_91057 _aJURISPRUDENCIA APLICABLE |
|
| 773 | 0 |
_02844 _93222 _dBuenos Aires : AbeledoPerrot, 1989- _tDerecho de familia. Revista Interdisciplinaria de doctrina y jurisprudencia. Diciembre 2024-VI. _z18511201 |
|
| 942 |
_2udc _cANA |
||